Bienes familiares situación actual y derecho proyectado
Uloženo v:
| Hlavní autor: | |
|---|---|
| Médium: | Kniha |
| Jazyk: | španělština |
| Vydáno: |
Santiago
Colegio de Abogados de Chile A.G
2008
|
| Témata: | |
| Tagy: |
Přidat tag
Žádné tagy, Buďte první, kdo vytvoří štítek k tomuto záznamu!
|
MARC
| LEADER | 00000nam a2200000 a 4500 | ||
|---|---|---|---|
| 001 | UCG1215 | ||
| 003 | CL-VaPUC | ||
| 008 | 100429e20080000CL |||||||||||||||||spa|d | ||
| 082 | 0 | 4 | |a 346.015 |b LAT |2 21 |
| 100 | |a Lathrop Gómez, Fabiola Esther |e author |9 792419 | ||
| 245 | 1 | 0 | |a Bienes familiares situación actual y derecho proyectado |
| 300 | |a 16 p | ||
| 942 | |c BK | ||
| 945 | |d 20100429 00:00:00 |a rbrito | ||
| 260 | |a Santiago |b Colegio de Abogados de Chile A.G |c 2008 | ||
| 650 | 0 | |a Derecho de familia |9 255603 | |
| 650 | 7 | |a MATRIMONIO |2 CL-VaPUC |9 549009 | |
| 650 | 7 | |a BIENES GANANCIALES |2 CL-VaPUC |9 333667 | |
| 650 | 0 | |a Código civil |9 256135 | |
| 583 | |a last modification |c 20100429 00:00:00 |k Rodrigo Vera | ||
| 999 | |c 340624 |d 340622 | ||
| 952 | |0 0 |1 0 |2 ddc |4 0 |6 346_015000000000000_LAT_2008 |7 0 |8 A |9 435494 |a BIBDER |b BIBDER |d 2019-11-22 |i 4668189 |o 346.015 LAT 2008 |p 4668189 |r 2023-01-25 |w 2019-11-22 |y MX |k DER | ||
| 952 | |0 0 |1 0 |2 ddc |4 0 |6 346_015000000000000_LAT_2008 |7 0 |8 A |9 435495 |a BIBDER |b BIBDER |d 2019-11-22 |i 4668197 |l 1 |m 1 |o 346.015 LAT 2008 |p 4668197 |r 2025-05-05 |s 2025-04-25 |w 2019-11-22 |y MX |k DER | ||